Metallica Lyrics – #20: The Thing That Should Not Be - Statistics

General Stats
  • This quiz has been taken 28 times
  • The average score is 50 of 86
Answer Stats
Answer % Correct
be
92%
Dark
92%
in
92%
In
92%
the
92%
the
92%
the
92%
the
92%
the
92%
fear
83%
Not
83%
not
83%
of
83%
of
83%
of
83%
should
83%
sight
83%
that
83%
thing
83%
deception
75%
Face
75%
for
75%
Messenger
75%
sea
75%
sea
75%
beneath
67%
Father,
67%
free
67%
kills
67%
lurking
67%
roaming
67%
you
67%
you
67%
Drain
58%
Fearless
58%
forbidden
58%
from
58%
He
58%
He
58%
insanity
58%
is
58%
light
58%
One,
58%
Pray
58%
sanity
58%
watch
58%
watches,
58%
wretch,
58%
your
58%
children
50%
dwell
50%
Great
50%
Hybrid
50%
Immmortal
50%
madness
50%
Old
50%
rising
50%
sound
50%
city,
42%
death
42%
death
42%
eternal
42%
Fallen
42%
hunter
42%
lie
42%
living
42%
once
42%
Out
42%
possessed
42%
ruins
42%
searches,
42%
shadows
42%
underground
42%
chaos,
33%
Crawling
33%
Cult
33%
die
33%
may
33%
Stranger
33%
twisted
33%
dead,
25%
has
25%
site
25%
summoned
25%
which
25%
aeons
17%
No matching quizzes found
Score Distribution
Percent of People with Each Score
Percentile by Number Answered
Your Score History
You have not taken this quiz